[Event "?"]
[Site "Berliner Sommer"]
[Date "1995.??.??"]
[Round "?"]
[White "Neverov, Valery"]
[Black "Lieb, Harald"]
[Result "1-0"]
[WhiteElo "2480"]
[BlackElo "2255"]

1.d4 Nf6 2.c4 e6 3.Nc3 c5 4.d5 exd5 5.cxd5 d6 6.Nf3 g6 7.Nd2 Na6 8.e4 Nc7
9.Be2 Bg7 10.O-O O-O 11.a4 Re8 12.Kh1 b6 13.f3 Nh5 14.Nc4 Ba6 15.g4 Nf6
16.Bf4 Bxc4 17.Bxc4 a6 18.Re1 Qd7 19.Qd3 h5 20.g5 Nh7 21.Bd2 Qd8
22.f4 Nf8 23.Re2 Qc8 24.Rf1 Rb8 25.e5 dxe5 26.d6 Nce6 27.f5 gxf5
28.Qxf5 Rb7 29.Bxa6 Qc6+ 30.Rg2 Nd4 31.Bxb7 Qxb7 32.Qe4 Qd7 33.Rgf2 Qxd6
34.Rxf7 Qe6 35.Nd5 Rd8 36.Ne7+ Kh8 37.Bc3 Re8 38.Nd5 Rd8 39.Ne3 Ne2
40.R7f2 Nd4 41.Nf5 Qg6 42.Re1 Nde6 43.Nxg7 Qxg7 44.Qxe5?? 1-0

[Event "?"]
[Site "Berliner Sommer"]
[Date "1995.??.??"]
[Round "?"]
[White "Soffer, Ram"]
[Black "Welz, Peter Dr."]
[Result "1-0"]
[WhiteElo "2530"]
[BlackElo "2285"]

1.d4 f5 2.Nc3 d5 3.Bf4 Nf6 4.e3 c6 5.Bd3 g6 6.Nf3 Bg7 7.O-O Be6 8.Ne2 Nbd7
9.h3 Qb6 10.b3 h6 11.Ne5 g5 12.Bh2 O-O 13.c4 c5 14.Qc2 Nxe5 15.Bxe5 dxc4
16.bxc4 cxd4 17.Nxd4 Bc8 18.Rac1 Qd8 19.Bxf5 b6 20.Rcd1 Qe8 21.Ne6 Bxe6
22.Bxe6+ Kh8 23.f4 Qh5 24.Rd4 Rad8 25.Rfd1 Rxd4 26.Rxd4 Qh4 27.Qe2 Qg3
28.Qf3 Qxf3 29.gxf3 Nh5 30.Bg4 Ng3 31.Bxg7+ Kxg7 32.Kf2 gxf4 33.Rxf4 Rxf4
34.exf4 h5 35.Kxg3 hxg4 36.fxg4 1-0

[Event "?"]
[Site "Berliner Sommer"]
[Date "1995.??.??"]
[Round "?"]
[White "Ivanov, Sergey"]
[Black "Hetey, Laszlo"]
[Result "1-0"]
[WhiteElo "2545"]
[BlackElo "2290"]

1.d4 f5 2.c4 Nf6 3.Nc3 g6 4.f3 Bg7 5.e4 fxe4 6.fxe4 d6 7.Nf3 Bg4 8.Qb3 Qc8
9.c5 Bxf3 10.gxf3 Nc6 11.Be3 e5 12.dxe5 Nxe5 13.O-O-O Nf7 14.cxd6 cxd6
15.Bb5+ Ke7 16.Kb1 Rd8 17.f4 Ng4 18.Bd4 Kf8 19.Bc4 Bxd4 20.Rxd4 Ngh6
21.Be6 Qc7 22.Nd5 Qc5 23.Rc4 Qf2 24.Rc7 Qd4 25.Re1 Re8 26.Qxb7 Qg7
27.Bxf7 Nxf7 28.e5 Rab8 29.Qxa7 g5 30.Nf6 Qg6+ 31.Kc1 Ra8 32.Rxf7+ Qxf7
33.Qxf7+ Kxf7 34.Nxe8 Rxe8 35.e6+ 1-0

[Event "?"]
[Site "Berliner Sommer"]
[Date "1995.??.??"]
[Round "?"]
[White "Nitsche Dirk"]
[Black "Beshukov, Sergei"]
[Result "0-1"]
[WhiteElo "2125"]
[BlackElo "2500"]

1.d4 Nf6 2.Nf3 g6 3.Nbd2 Bg7 4.e4 d6 5.Bd3 O-O 6.O-O c5 7.d5 e5 8.a4 Nh5
9.Nc4 Na6 10.c3 Nc7 11.b4 cxb4 12.cxb4 f5 13.Ne1 fxe4 14.Bxe4 b5
15.axb5 Nxb5 16.f3 Nf4 17.Bb2 Bd7 18.Nd3 Rc8 19.Rc1 Bh6 20.Nxf4 Bxf4
21.Rc2 Rxc4 22.Rxc4 Qh4 23.g3 Bxg3 24.Qe2 Bf4 25.Rc2 Qd8 26.Kh1 Qb8
27.Rg1 Rf6 28.Qf2 g5 29.Qh4 h6 30.Qf2 Kf7 31.Qe2 h5 32.Bd3 Nc7 33.Qe4 Ne8
34.Qc4 Be3 35.Re1 Bb6 36.Be4 g4 37.fxg4 hxg4 38.Rf1 Qd8 39.Rcc1 Kg7
40.Qe2 Rh6 41.Qe1 Nf6 42.Rc2 Rh3 43.Bc1 Nh5 44.Rg2 Qh8 45.Qd2 Rxh2+
46.Rxh2 Ng3+ 47.Kg2 Qxh2+ 48.Kxh2 Nxf1+ 49.Kg2 Nxd2 50.Bxd2 Kf6
51.Kg3 Bf5 0-1

[Event "?"]
[Site "Berliner Sommer"]
[Date "1995.??.??"]
[Round "?"]
[White "Lerner, Konstantin Z"]
[Black "Kadimova, Ilaha"]
[Result "1/2-1/2"]
[WhiteElo "2605"]
[BlackElo "2305"]

1.d4 d5 2.c4 c6 3.Nf3 Nf6 4.Nc3 e6 5.Qb3 dxc4 6.Qxc4 b5 7.Qd3 Bb7
8.Bg5 Nbd7 9.e4 Qa5 10.e5 Nd5 11.Bd2 b4 12.Ne4 c5 13.dxc5 Nxc5
14.Qb5+ Qxb5 15.Bxb5+ Kd8 16.Nfg5 Nxe4 17.Nxe4 h6 18.O-O a6 19.Bd3 Kd7
20.f4 g6 21.a3 Be7 22.Rfd1 a5 23.Rac1 Rhc8 24.Bb5+ Bc6 25.Rxc6 Rxc6
26.Rc1 Raa6 27.a4 Rab6 28.Rxc6 Rxc6 29.Kf2 Kc7 30.Bxc6 Kxc6 31.b3 f5
32.exf6 Nxf6 33.Kf3 Kd5 34.Nxf6+ Bxf6 35.Ke3 h5 36.Kd3 Bd8 37.Be3 Bc7
38.g3 Bd8 39.Bd4 Bc7 40.Bf6 Bb6 41.h3 Bc7 42.Ke3 Bb6+ 43.Kf3 Bc7
44.g4 hxg4+ 45.hxg4 Bb6 46.Be5 Bd8 47.Ke3 Bb6+ 48.Kd3 1/2-1/2

[Event "?"]
[Site "Berliner Sommer"]
[Date "1995.??.??"]
[Round "?"]
[White "Reichenbach, Werner"]
[Black "Rechlis, Gad"]
[Result "0-1"]
[WhiteElo "2265"]
[BlackElo "2490"]

1.Nf3 c5 2.g3 g6 3.Bg2 Bg7 4.O-O Nc6 5.c4 e6 6.Nc3 Nge7 7.e3 Nf5 8.d3 O-O
9.Rb1 b6 10.a3 Bb7 11.Ne1 Nfe7 12.Nc2 Rc8 13.e4 d6 14.Bd2 Qd7 15.f4 f5
16.b4 Nd4 17.Ne3 Rce8 18.h3 Rf7 19.Kh1 Ref8 20.Qa4 Bc6 21.b5 Bb7
22.Rbe1 a6 23.bxa6 Bc6 24.Qd1 Ra8 25.Bc1 Rxa6 26.Rf2 Nf3 27.Bxf3 Bxc3
28.Ree2 Bd4 29.Rf1 b5 30.Nc2 Bg7 31.Kh2 fxe4 32.Bxe4 d5 33.cxd5 exd5
34.Bg2 d4 35.Rfe1 Bxg2 36.Kxg2 Nd5 37.Bd2 h5 38.Re4 c4 39.Qf3 Kh7
40.Qf1 Qb7 41.Kh2 Ra4 42.Kg1 Qc8 43.Re8 Qf5 0-1

[Event "?"]
[Site "Berliner Sommer"]
[Date "1995.??.??"]
[Round "?"]
[White "Kleeschaetzky, Ralf"]
[Black "Ulibin, Mikhail"]
[Result "1/2-1/2"]
[WhiteElo "2295"]
[BlackElo "2545"]

1.Nf3 Nf6 2.c4 c5 3.d4 cxd4 4.Nxd4 e6 5.Nc3 Bb4 6.Bd2 Nc6 7.Nc2 Bc5
8.Be3 b6 9.g3 Bb7 10.Bg2 O-O 11.O-O Bxe3 12.Nxe3 Qe7 13.Qd2 Na5
14.Rfd1 Bxg2 15.Kxg2 Rfc8 16.b3 h6 17.Rac1 Nb7 18.Nb5 Rc6 19.Qb2 a6
20.Nd4 Rc7 21.Rc2 Qc5 22.Rdc1 Qe5 23.Nf3 Qxb2 24.Rxb2 Kf8 25.Rbc2 Ke7
26.Nd4 Rb8 27.f4 h5 28.h3 Ne4 29.g4 hxg4 30.hxg4 Rh8 31.Rh1 Rxh1
32.Kxh1 g5 33.f5 Rc8 34.Kg2 Nbd6 35.fxe6 dxe6 36.Kf3 Kf6 37.b4 Ke5
38.Nb3 Rh8 39.Nf1 Rh3+ 40.Kg2 Rc3 41.Rxc3 Nxc3 42.c5 bxc5 43.Nxc5 Nxa2
44.Nxa6 Kf4 45.Nh2 Nc3 46.Kf2 Nd1+ 47.Kg2 Ne3+ 48.Kh3 Ne4 49.Nf3 Nf2+
50.Kh2 Nfxg4+ 51.Kg1 Nd5 52.b5 Nge3 53.Nc5 g4 54.Nd3+ Kf5 55.Nd4+ Ke4
56.Nc6 Nc4 57.Kf2 Nc3 58.Nd8 g3+ 59.Kxg3 Nxe2+ 60.Kf2 Kxd3 61.Nxf7 Nd4
62.b6 Nxb6 63.Kg3 Nd5 64.Kg4 Nc6 65.Kg5 Kd4 66.Kh4 Ke3 67.Kg3 Nce7
68.Kg2 1/2-1/2

[Event "?"]
[Site "Berliner Sommer"]
[Date "1995.??.??"]
[Round "?"]
[White "Manor, Ilan"]
[Black "Josephsen, Niels"]
[Result "1-0"]
[WhiteElo "2480"]
[BlackElo "2255"]

1.d4 Nf6 2.c4 c5 3.d5 b5 4.cxb5 a6 5.Nc3 axb5 6.e4 b4 7.Nb5 d6 8.Nf3 g6
9.Bc4 Bg7 10.e5 dxe5 11.Nxe5 O-O 12.O-O Ba6 13.Re1 Bxb5 14.Bxb5 Qxd5
15.Qe2 e6 16.f4 Qb7 17.Be3 Nd5 18.Bxc5 Rc8 19.Bd4 Nxf4 20.Qe4 Qxe4
21.Rxe4 Nd5 22.a4 bxa3 23.Rxa3 Rxa3 24.bxa3 Nc3 25.Bxc3 Rxc3 26.Nc4 Bf8
27.a4 Bc5+ 28.Kf1 Kf8 29.Ke2 Rc2+ 30.Nd2 Rb2 31.Kd3 Rb4 32.Nc4 Rb1
33.Re2 Ke7 34.Ra2 Nd7 35.Bxd7 Kxd7 1-0

[Event "?"]
[Site "Berliner Sommer"]
[Date "1995.??.??"]
[Round "?"]
[White "Malisauskas, Vidmantas"]
[Black "Bakhtadze, Giorgi"]
[Result "1-0"]
[WhiteElo "2510"]
[BlackElo "2275"]

1.e4 c5 2.Nf3 d6 3.d4 cxd4 4.Qxd4 Nc6 5.Bb5 Bd7 6.Bxc6 Bxc6 7.Nc3 e6
8.Bg5 Nf6 9.O-O-O Be7 10.Qd3 O-O 11.Nd4 Qc7 12.f4 Rab8 13.h4 Rfd8
14.Kb1 Be8 15.f5 Bd7 16.fxe6 fxe6 17.Nce2 Re8 18.Nf4 e5 19.Bxf6 exf4
20.Bg5 Rbc8 21.Bxf4 Bf6 22.Nf5 Qb6 23.b3 Bxf5 24.exf5 Qf2 25.Bg5 Be5
26.Rdf1 Qc5 27.f6 gxf6 28.Bxf6 Bxf6 29.Rxf6 Re3 30.Qd2 d5 31.Rf5 Rd8
32.Rd1 1-0

[Event "?"]
[Site "Berliner Sommer"]
[Date "1995.??.??"]
[Round "?"]
[White "Klueners, Juergen"]
[Black "Pribyl, Josef"]
[Result "0-1"]
[WhiteElo "2185"]
[BlackElo "2405"]

1.e4 d6 2.d4 Nf6 3.Nc3 g6 4.Nf3 Bg7 5.Be2 O-O 6.O-O c6 7.a4 a5 8.h3 Na6
9.Be3 Nb4 10.Nd2 d5 11.e5 Ne8 12.f4 f5 13.Na2 Nxa2 14.Rxa2 Nc7 15.Qe1 b6
16.Rf3 Ba6 17.Bxa6 Nxa6 18.c3 c5 19.g4 e6 20.g5 Rf7 21.h4 Bf8 22.Rh3 Rb8
23.h5 gxh5 24.Qh4 Rg7 25.Qxh5 Qe8 26.Qh4 c4 27.Kh2 b5 28.axb5 Qxb5
29.Nf3 Rbb7 30.Bf2 a4 31.g6 Rxg6 32.Ng5 h6 33.Nf3 Rbg7 34.Kh1 Qb3
35.Ra1 Qxb2 36.Rg1 Rxg1+ 37.Nxg1 Nc7 38.Bg3 Rg6 39.Qd8 Qb6 40.Bh4 Qc6
41.Qc8 a3 42.Rh2 Qa8 0-1

[Event "?"]
[Site "Berliner Sommer"]
[Date "1995.??.??"]
[Round "?"]
[White "Ganbold, Odondoo"]
[Black "Krakops, Maris"]
[Result "1-0"]
[WhiteElo "2285"]
[BlackElo "2525"]

1.e4 c5 2.Nf3 d6 3.d4 cxd4 4.Nxd4 Nf6 5.Nc3 Nc6 6.Bc4 e6 7.Be3 Be7
8.Qe2 O-O 9.O-O a6 10.a4 Rb8 11.Nxc6 bxc6 12.e5 dxe5 13.a5 Nd5 14.Bd2 Nb4
15.Be3 c5 16.Na4 Qc7 17.Nb6 Bb7 18.c3 Qc6 19.f4 Nd5 20.Bxd5 exd5
21.fxe5 Rbd8 22.Ra4 Qe6 23.Qf2 f6 24.exf6 Rxf6 25.Rf4 Rdf8 26.Qd2 Rxf4
27.Bxf4 Bd8 28.Re1 Qc6 29.Be5 h6 30.b4 cxb4 31.cxb4 Bxb6+ 32.axb6 Qxb6+
33.Bd4 Qg6 34.h3 Kh7 35.Re3 Rf7 36.Kh2 Bc8 37.Rg3 Qd6 38.Qc3 Bf5
39.Bxg7 Bg6 40.Be5 Qe6 41.Bd4 Qd7 42.Qc5 Rf4 43.Qb6 Qf7 44.Be5 Rf5
45.Qd6 h5 46.Rc3 Qe8 47.Rc7+ Rf7 48.Rxf7+ Qxf7 49.Qxa6 Qe7 50.Bd6 Qd7
51.Qb6 Be4 52.Be5 Qe7 53.Qb8 Qg5 54.Qh8+ Kg6 55.Qg7+ Kf5 56.Qxg5+ Kxg5
57.b5 1-0

[Event "?"]
[Site "Berliner Sommer"]
[Date "1995.??.??"]
[Round "?"]
[White "Kruppa, Yuri"]
[Black "Lomineishvili, Maia"]
[Result "1-0"]
[WhiteElo "2570"]
[BlackElo "2295"]

1.d4 Nf6 2.c4 e6 3.Nf3 d5 4.Nc3 Bb4 5.Bg5 h6 6.Bxf6 Qxf6 7.cxd5 exd5
8.Qb3 c5 9.e3 Nc6 10.Bb5 Bxc3+ 11.Qxc3 c4 12.b3 Qg6 13.O-O Bh3
14.Ne1 cxb3 15.Qxb3 Bf5 16.Qxd5 O-O 17.Qb3 Rac8 18.Bd3 Na5 19.Qb5 Bxd3
20.Nxd3 Nc4 21.Nf4 Qe4 22.Qd5 Qxd5 23.Nxd5 Rfe8 24.Rfc1 Kf8 25.Kf1 Red8
26.Nb4 Ke7 27.Ke2 Nb6 28.Nd3 Nd5 29.Kd2 b6 30.Ne5 Ke8 31.a3 f6 32.Nd3 Kd7
33.Rxc8 Rxc8 34.Rc1 Rxc1 35.Kxc1 b5 36.Kb2 Nb6 37.Kb3 a5 38.Nc5+ Kc6
39.Ne6 g5 40.e4 Nc4 41.Nc5 Nd2+ 42.Kc3 Nb1+ 43.Kb2 Nd2 44.Kc2 Nc4
45.a4 b4 46.Nb3 Kd6 47.Kd3 Nb2+ 48.Ke2 Nc4 49.f3 Kc6 50.g3 Kd6 51.f4 g4
52.f5 h5 53.Kd3 Nb2+ 54.Ke3 Nc4+ 55.Kf4 Ke7 56.e5 Kf7 57.Ke4 Ke7
58.Kd3 Nb2+ 59.Ke3 Nc4+ 60.Ke4 Kf7 61.Kd5 Ne3+ 62.Kc5 fxe5 63.dxe5 Nxf5
64.Nxa5 Ke6 65.Nc4 b3 66.a5 Ne3 67.Nd2 b2 68.a6 Nd5 69.a7 Nc7 70.Kc6 1-0

[Event "?"]
[Site "Berliner Sommer"]
[Date "1995.??.??"]
[Round "?"]
[White "Dabrowska, Krystyna"]
[Black "Paehtz, Thomas"]
[Result "1/2-1/2"]
[WhiteElo "2255"]
[BlackElo "2470"]

1.e4 e6 2.d4 d5 3.e5 c5 4.c3 Nc6 5.Nf3 Bd7 6.a3 c4 7.Be2 Na5 8.Nbd2 Ne7
9.O-O Nc8 10.Ne1 Nb6 11.Bg4 Ba4 12.Qe2 Qd7 13.f4 g6 14.Qf2 O-O-O
15.g3 Kb8 16.Ng2 h5 17.Be2 Nc8 18.h3 Ne7 19.Nf3 Bc2 20.Be3 Nb3
21.Rae1 Nf5 22.g4 hxg4 23.hxg4 Nxe3 24.Qxe3 Rh3 25.Kf2 Be7 26.Rh1 Rdh8
27.Rxh3 Rxh3 28.Rg1 Qd8 29.g5 Be4 30.Ke1 Qb6 31.Ngh4 Nc5 32.Qd2 Nd3+
33.Bxd3 cxd3 34.Kf2 Qd8 35.Rg3 Rh1 36.Rg1 Rxg1 37.Kxg1 Qb6 38.Kf2 Qb3
39.Ne1 a5 40.Ke3 b5 41.Nxd3 Bxd3 42.Kxd3 Qc4+ 43.Ke3 Qf1 44.Nf3 Qb1
45.Kf2 Kc7 46.c4 bxc4 47.Qxa5+ Kb7 48.Qb5+ Kc7 49.Kg3 Bd8 50.a4 Qc2
51.a5 Qb3 52.Qxb3 cxb3 53.Nd2 Kc6 54.Nxb3 Kb5 55.Kf3 Bxa5 56.Ke3 Bb4
57.Kd3 Be1 58.Nc5 Kc6 59.Kc2 Bf2 60.Kc3 Be3 61.Nd3 Kb6 62.Ne1 1/2-1/2

[Event "?"]
[Site "Berliner Sommer"]
[Date "1995.??.??"]
[Round "?"]
[White "Vandrey, Wolfgang"]
[Black "Koch, Werner"]
[Result "1-0"]
[WhiteElo "2245"]
[BlackElo "1955"]

1.d4 Nf6 2.Nf3 g6 3.Bg5 Bg7 4.c3 d6 5.Nbd2 O-O 6.e4 Na6 7.Bd3 c5 8.d5 Nc7
9.a4 a6 10.a5 Rb8 11.O-O b5 12.axb6 Rxb6 13.Nc4 Rb7 14.h3 Bd7 15.Ra2 Bb5
16.Nfd2 Qc8 17.Qe2 Bd7 18.Qf3 Qd8 19.e5 dxe5 20.d6 exd6 21.Qxb7 Bb5
22.Ne4 Nce8 23.Rd1 h6 24.Bxf6 Bxf6 25.Bf1 Be7 26.Ncxd6 1-0

[Event "?"]
[Site "Berliner Sommer"]
[Date "1995.??.??"]
[Round "?"]
[White "Hermannsdoerfer, Frank"]
[Black "Kreuchauf, Olaf"]
[Result "1-0"]
[WhiteElo "2085"]
[BlackElo "1569"]

1.c4 c5 2.Nc3 Nf6 3.Nf3 Nc6 4.g3 d5 5.cxd5 Nxd5 6.Bg2 e5 7.Nxe5 Nxc3
8.Nxc6 Nxd1 9.Nxd8 Nxf2 10.Nxf7 Nd3+ 11.exd3 Kxf7 12.O-O+ Ke6 13.b3 Be7
14.Bb2 Bf6 15.Rae1+ Kf7 16.Rf4 Re8 17.Be4 Re6 18.Ba3 Ra6 19.Bxc5 Rxa2
20.Bd5+ Kg6 21.Be4+ Kf7 22.g4 g5 23.Rf2 Kg7 24.Ref1 Ra6 25.Rxf6 1-0

[Event "?"]
[Site "Berliner Sommer"]
[Date "1995.??.??"]
[Round "?"]
[White "Klausner, Siegfried"]
[Black "Zimnol, Guenter"]
[Result "1-0"]
[WhiteElo "1860"]
[BlackElo "1559"]

1.d4 Nf6 2.Nc3 d6 3.e4 e5 4.dxe5 dxe5 5.Qxd8+ Kxd8 6.Bg5 Be7 7.O-O-O+ Ke8
8.Nf3 Nc6 9.Bb5 Bd7 10.Rhe1 h6 11.Bh4 Bd6 12.Bxf6 gxf6 13.Nd5 Be7
14.Nxc7+ Kd8 15.Nxa8 Kc8 16.Re3 Bg4 17.Rc3 Kb8 18.Bxc6 bxc6 19.Rxc6 Kxa8
20.Rc7 Re8 21.Rd5 Kb8 22.Rc3 Be6 23.Rb5+ Ka8 24.a3 a6 25.Rb6 Bc8
26.Rcb3 Rd8 27.Nh4 f5 28.Nxf5 Bg5+ 29.Kb1 Rd1+ 30.Ka2 Ka7 31.Nd6 Be6
32.Rb7+ Ka8 33.Rb8+ Ka7 34.Nc8+ Bxc8 35.Rxc8 Rd7 36.Rc6 Bd2 37.Rbb6 1-0

[Event "?"]
[Site "Berliner Sommer"]
[Date "1995.??.??"]
[Round "?"]
[White "Gipslis Alvaris"]
[Black "Ahlberg, Guenther"]
[Result "1/2-1/2"]
[WhiteElo "2445"]
[BlackElo "2240"]

1.e4 c6 2.d4 d5 3.exd5 cxd5 4.c4 Nf6 5.Nc3 e6 6.Nf3 Bb4 7.cxd5 Nxd5
8.Qc2 Nc6 9.Bd3 Ba5 10.a3 Nxc3 11.bxc3 Nxd4 12.Nxd4 Qxd4 13.Bb5+ Kf8
14.O-O Qxc3 15.Qe2 a6 16.Bd3 Qxa1 17.Bb2 Qxf1+ 18.Kxf1 Bd8 19.Bxg7+ Kxg7
20.Qg4+ Kf6 21.Qh4+ Kg7 22.Qg4+ Kf6 1/2-1/2

[Event "?"]
[Site "Berliner Sommer"]
[Date "1995.??.??"]
[Round "?"]
[White "Fuellgrabe Thomas"]
[Black "Thesing, Matthias"]
[Result "1-0"]
[WhiteElo "2240"]
[BlackElo "2410"]

1.e4 e6 2.d4 d5 3.Nc3 Nc6 4.Nf3 Nf6 5.e5 Ne4 6.Ne2 f6 7.Ng3 f5 8.b3 Be7
9.Nh5 g6 10.Nf4 g5 11.Nh5 Kf7 12.Nd2 Qg8 13.Nxe4 dxe4 14.f3 exf3
15.Qxf3 Qg6 16.g4 Rf8 17.Bc4 Kg8 18.h4 h6 19.hxg5 hxg5 20.Bd2 1-0

[Event "?"]
[Site "Berliner Sommer"]
[Date "1995.??.??"]
[Round "?"]
[White "Goletiani, Rusudan"]
[Black "Hoppe, Frank"]
[Result "1-0"]
[WhiteElo "2165"]
[BlackElo "1905"]

1.Nf3 d5 2.b3 Nf6 3.Bb2 e6 4.e3 c5 5.d4 Nc6 6.a3 Bd7 7.Bd3 Be7 8.Nbd2 Rc8
9.O-O O-O 10.Ne5 a6 11.dxc5 Nxe5 12.Bxe5 Bxc5 13.Qf3 Be7 14.Rfd1 Bb5
15.c4 Bc6 16.Qh3 g6 17.Nf3 Nd7 18.Bb2 Bf6 19.Nd4 Nc5 20.Bc2 Bg7 21.e4 Bd7
22.Qe3 e5 23.Ne2 d4 24.Qg3 b5 25.b4 Ne6 26.c5 Bc6 27.f4 Qc7 28.f5 Nd8
29.Rf1 Qe7 30.Qg4 Ra8 31.Ng3 Be8 32.Rf3 f6 33.fxg6 Bxg6 34.h4 Be8
35.Nf5 Qc7 36.h5 Bxh5 37.Qxh5 Nf7 38.Bb3 Kh8 39.Bc1 Ng5 40.Bxg5 fxg5
41.Rh3 Bf6 42.Kf2 Ra7 43.Qh6 Rf7 44.Qg6 Rf8 45.Rah1 d3 46.Bg8 Rxg8
47.Qxf6+ Rg7 48.Rxh7+ 1-0

[Event "?"]
[Site "Berliner Sommer"]
[Date "1995.??.??"]
[Round "?"]
[White "Lochte, Thomas"]
[Black "Schoengart, Ralf"]
[Result "1-0"]
[WhiteElo "2225"]
[BlackElo "1980"]

1.e4 d5 2.exd5 Nf6 3.d4 Qxd5 4.Nc3 Qa5 5.Bc4 c6 6.Bd2 Nbd7 7.Nf3 Qc7
8.Qe2 Nb6 9.Bb3 Bf5 10.Ne5 Bg6 11.h4 Nfd7 12.Bf4 Nxe5 13.Bxe5 Qd7
14.O-O-O h5 15.d5 Qf5 16.dxc6 bxc6 17.Nb5 cxb5 18.Qxb5+ Nd7 19.Rxd7 Qxd7
20.Ba4 Bf5 21.Qb7 Rd8 22.Bxd7+ Bxd7 23.Bc7 Rc8 24.Rd1 e6 25.Rxd7 Kxd7
26.Ba5+ Rc7 1-0

[Event "?"]
[Site "Berliner Sommer"]
[Date "1995.??.??"]
[Round "?"]
[White "Virnik, Elena"]
[Black "Schuetzhold, Frank"]
[Result "0-1"]
[WhiteElo "1900"]
[BlackElo "2215"]

1.e4 d6 2.d4 Nf6 3.Nc3 g6 4.f4 Bg7 5.Nf3 c5 6.dxc5 Qa5 7.Bd3 Qxc5
8.Qe2 O-O 9.Be3 Qa5 10.O-O Bg4 11.h3 Bxf3 12.Qxf3 Nc6 13.a3 Nd7
14.Rad1 Bxc3 15.bxc3 Qxc3 16.e5 dxe5 17.Bxg6 hxg6 18.Rxd7 exf4 19.Qxf4 b6
20.Rfd1 Rad8 21.Rxd8 Rxd8 22.Rxd8+ Nxd8 23.Bd4 Qxc2 24.Kh2 Nc6 25.Ba1 Qd1
26.Bb2 Qc2 27.Ba1 Qd1 28.Bb2 Qd6 29.Bc1 Qxf4+ 30.Bxf4 b5 0-1

[Event "?"]
[Site "Berliner Sommer"]
[Date "1995.??.??"]
[Round "?"]
[White "Hetey, Laszlo"]
[Black "Heinrich, Thomas"]
[Result "1-0"]
[WhiteElo "2290"]
[BlackElo "2010"]

1.d4 Nf6 2.c4 g6 3.Nc3 d5 4.cxd5 Nxd5 5.e4 Nxc3 6.bxc3 c5 7.Nf3 Bg7
8.Rb1 O-O 9.Be2 Qc7 10.O-O Nd7 11.Qb3 b6 12.d5 c4 13.Qxc4 Qxc4
14.Bxc4 Bxc3 15.Ba3 Nc5 16.Rbc1 Bg7 17.Bb5 Bg4 18.Bxc5 bxc5 19.Rxc5 f5
20.Ng5 fxe4 21.h3 Bf5 22.g4 Bh6 23.gxf5 Bxg5 24.fxg6 e3 25.gxh7+ Kxh7
26.Bd3+ Kh8 27.Kg2 exf2 28.Rxf2 Rg8 29.Rf7 Be3+ 30.Kf3 Rg3+ 31.Kxg3 Bxc5
32.Rh7+ Kg8 33.Kf4 Rb8 34.Rh6 Rb6 35.Rc6 Rb4+ 36.Kf5 Bd6 37.Kg6 Rb8
38.Bf5 Be5 39.Be6+ Kh8 40.Rc4 Bg3 41.Rg4 1-0

[Event "?"]
[Site "Berliner Sommer"]
[Date "1995.??.??"]
[Round "?"]
[White "Mueller, Andrea"]
[Black "Fatalibekova, Elena"]
[Result "1/2-1/2"]
[WhiteElo "1920"]
[BlackElo "2225"]

1.Nc3 d5 2.d4 Bf5 3.f3 Nf6 4.Bg5 c5 5.Bxf6 exf6 6.e4 dxe4 7.fxe4 cxd4
8.exf5 dxc3 9.Qxd8+ Kxd8 10.O-O-O+ Kc7 11.Bc4 cxb2+ 12.Kxb2 Nd7
13.Nf3 Bd6 14.Bxf7 Ne5 15.Bd5 Nxf3 16.Bxf3 Be5+ 17.Kb3 g6 18.Rd5 Rad8
19.fxg6 hxg6 20.h3 Rxd5 21.Bxd5 Rd8 22.c4 Rd6 23.Re1 b6 24.Kc2 Rd8
25.Kd3 Kd6 26.a4 Rc8 27.Ra1 Rc5 28.Bf7 g5 29.Ke4 Rc7 30.Bd5 Re7
31.Kd3 Bf4 32.a5 bxa5 33.Rxa5 Be3 34.Be4 Bc5 35.Ra6+ Bb6 36.Ra1 Re5
37.Rb1 Ke7 38.Rb5 Rxb5 39.cxb5 Kd6 40.Kc3 1/2-1/2

[Event "?"]
[Site "Berliner Sommer"]
[Date "1995.??.??"]
[Round "?"]
[White "Eingorn, Vereslav S"]
[Black "Troyke, Christian"]
[Result "1/2-1/2"]
[WhiteElo "2600"]
[BlackElo "2345"]

1.Nf3 Nf6 2.c4 g6 3.b3 Bg7 4.Bb2 d6 5.g3 O-O 6.Bg2 e5 7.O-O Nc6 8.Nc3 Bf5
9.Ne1 Qd7 10.Nd5 Bh3 11.Nxf6+ Bxf6 12.f4 Bh8 13.Bxh3 Qxh3 14.Ng2 Qd7
15.f5 Ne7 16.e4 f6 17.Ne3 Bg7 18.d4 Qc6 19.Qd3 Bh6 20.Ng4 Bg7
21.Rad1 Rae8 22.Ne3 Bh6 23.Ng4 Bg7 24.b4 gxf5 25.exf5 e4 26.Qc3 d5
27.Rc1 Qd7 28.cxd5 Kh8 29.b5 Nxf5 30.Ne3 Nxe3 31.Qxe3 f5 32.Rc5 Rf7
33.Rfc1 f4 34.gxf4 Qd6 35.Rf1 Bh6 36.Bc1 Bg7 37.f5 b6 38.Rc6 Qxd5
39.f6 Qxb5 40.Qb3 Qh5 41.fxg7+ Rxg7+ 42.Kh1 Qg4 43.Qc2 e3 44.Bxe3 Rxe3
45.Rxc7 Rxc7?? (45...Qf3+ 46.Rxf3 Re1+) 46.Qxc7 Qe4+ 47.Kg1 Qg4+
48.Kh1 Qe4+ 1/2-1/2

[Event "?"]
[Site "Berliner Sommer"]
[Date "1995.??.??"]
[Round "?"]
[White "Borkowski, Gerhard"]
[Black "Wierzbiczki, Jan"]
[Result "1/2-1/2"]
[WhiteElo "1730"]
[BlackElo "2050"]

1.c4 Nf6 2.d4 e6 3.Nc3 b6 4.e4 d6 5.f4 Bb7 6.Bd3 Be7 7.Nf3 O-O 8.O-O c5
9.d5 exd5 10.exd5 Nbd7 11.Qc2 a6 12.Ng5 h6 13.Nge4 Nxe4 14.Nxe4 Nf6
15.Bd2 Bc8 16.Rae1 Nxe4 17.Bxe4 Bf6 18.Rf3 b5 19.b3 b4 20.f5 Bd4+
21.Be3 Qf6 22.Bxd4 Qxd4+ 23.Qf2 Qf6 24.Bc2 Bd7 25.Rfe3 Rfe8 26.h3 Kf8
27.Bb1 Rxe3 28.Rxe3 Re8 29.Rxe8+ Kxe8 30.Qc2 Qd4+ 31.Kh2 Ke7 32.g4 Kf6
33.Kg3 Qe3+ 34.Kg2 Qe5 35.Qd3 Qb2+ 36.Kg3 Qe5+ 37.Kg2 a5 38.Qc2 Qf4
39.Qb2+ Qe5 40.Qc2 Qd4 41.Qe2 1/2-1/2

[Event "?"]
[Site "Berliner Sommer"]
[Date "1995.??.??"]
[Round "?"]
[White "Pachow, Joerg"]
[Black "Bergmann, Holger"]
[Result "1-0"]
[WhiteElo "2290"]
[BlackElo "2025"]

1.e4 e6 2.d4 d5 3.exd5 exd5 4.Nf3 Nf6 5.Bd3 Bd6 6.O-O O-O 7.Bg5 Bg4
8.Nbd2 Re8 9.Re1 Nbd7 10.c3 Rxe1+ 11.Qxe1 Qe8 12.Nh4 Qxe1+ 13.Rxe1 g6
14.h3 Be6 15.f4 Nh5 16.f5 Bg3 17.Rf1 f6 18.fxe6 fxg5 19.Nxg6 hxg6
20.exd7 Kg7 21.Nb3 b6 22.Bb5 Rd8 23.Bc6 Nf6 24.Nc1 Nxd7 25.Ne2 Nb8
26.Bxd5 Rxd5 27.Nxg3 c5 28.Ne2 Nc6 29.c4 Rd7 30.d5 Ne5 31.b3 b5
32.Rc1 bxc4 33.bxc4 Nd3 34.Rc3 Ne5 35.Nc1 Rd6 36.Nb3 Nd7 37.Kf2 Ra6
38.Rc2 Kf6 39.Ke3 Ke5 40.Kd3 Ra3 41.Re2+ Kd6 42.Re6+ Kc7 43.Kc3 Rxa2
44.Nxc5 Nxc5 45.Rc6+ Kd7 46.Rxc5 Rxg2 47.Ra5 g4 48.hxg4 Rxg4 49.c5 g5
50.Rxa7+ Kc8 51.d6 Rg1 52.Kc4 1-0

[Event "?"]
[Site "Berliner Sommer"]
[Date "1995.??.??"]
[Round "?"]
[White "Albrecht, Rainer"]
[Black "Keil, Uwe"]
[Result "1-0"]
[WhiteElo "2270"]
[BlackElo "1985"]

1.d4 Nf6 2.c4 c5 3.d5 d6 4.Nc3 g6 5.e4 Bg7 6.f3 O-O 7.Bg5 h6 8.Bf4 Nh5
9.Be3 b5 10.cxb5 a6 11.g4 Nf6 12.a4 e6 13.Bc4 Re8 14.Nge2 exd5
15.Bxd5 Nxd5 16.Nxd5 axb5 17.axb5 Rxa1 18.Qxa1 Bb7 19.Qa2 Bxd5
20.Qxd5 Qa5+ 21.Kf2 Qxb5 22.Qxd6 Qxb2 23.Qxc5 Nd7 24.Qc6 Nf6 25.Rd1 Qb8
26.Bf4 Qa7+ 27.Be3 Qb8 28.Bf4 Qa7+ 29.Kf1 g5 30.Bg3 Qe3 31.e5 Qb3
32.Rd2 Re6 33.Qc3 Qxc3 34.Nxc3 Nh7 35.Rd5 Nf8 36.Ne4 Ng6 37.Nc5 Re8
38.Nd3 f6 39.exf6 Bxf6 40.Nc5 Be5 41.Ne4 Re7 42.Kf2 Bf4 43.Bxf4 Nxf4
44.Rd8+ Kg7 45.Rd2 Ra7 46.Nd6 Kf6 47.Kg3 Ra1 48.h4 Ng6 49.hxg5+ hxg5
50.Ne4+ Ke5 51.Nxg5 1-0

[Event "?"]
[Site "Berliner Sommer"]
[Date "1995.??.??"]
[Round "?"]
[White "Lerner, Konstantin Z"]
[Black "Rahls, Peter"]
[Result "1/2-1/2"]
[WhiteElo "2605"]
[BlackElo "2190"]

1.d4 c5 2.d5 e5 3.e4 d6 4.Nc3 a6 5.a4 Be7 6.g3 Bg5 7.Bxg5 Qxg5 8.Nf3 Qe7
9.Nd2 Nf6 10.Bg2 O-O 11.Nc4 Nbd7 12.a5 Rd8 13.Na4 Nf8 14.Nab6 Rb8
15.Qd2 Bd7 16.Ne3 g6 17.b4 cxb4 18.Qxb4 Be8 19.Nbc4 Bb5 20.Nb2 Rdc8
21.Nd3 Bxd3 22.cxd3 Rc5 23.Nc4 Ne8 24.O-O Nc7 25.f4 Nd7 26.fxe5 Nxe5
27.Nxe5 Rb5 28.Nxg6 hxg6 29.Qd2 b6 30.axb6 R8xb6 31.Qf4 Rb4 32.Qf3 Nb5
33.Ra2 Nd4 34.Qf2 Kg7 35.h4 f5 36.Kh2 Qf6 37.Kh3 g5 38.hxg5 Qxg5
39.Qf4 Qg6 40.Rc1 Qh5+ 41.Qh4 Qxh4+ 42.gxh4 Rb3 43.Rd1 Kf6 44.exf5 Rb2
45.Ra4 R2b4 46.Rxb4 Rxb4 47.Ra1 Rb6 48.Be4 Nb3 49.Rg1 Nc5 50.h5 Rb8
51.Kh4 a5 52.h6 a4 53.Kh5 a3 54.Ra1 Rb2 55.Rxa3 Rh2+ 56.Kg4 Rxh6
57.Ra8 Nd7 58.Re8 Ne5+ 59.Kf4 Rh4+ 60.Kg3 Rg4+ 61.Kh3 Kg5 62.f6 Rh4+
63.Kg3 Rg4+ 64.Kf2 Rf4+ 65.Ke2 Rxf6 66.Rg8+ Kh6 67.d4 Nf7 68.Bf3 Rg6
69.Re8 (69.Rf8 Kg7 70.Rxf7+ Kxf7 71.Bh5) 69...Kg7 {Die weiteren Zuege sind
aufgrund der Zeitnot nicht notiert worden.} 1/2-1/2

[Event "?"]
[Site "Berliner Sommer"]
[Date "1995.??.??"]
[Round "?"]
[White "Urday, Henry"]
[Black "Ganbold, Odondoo"]
[Result "1-0"]
[WhiteElo "2435"]
[BlackElo "2285"]

1.d4 Nf6 2.Nf3 d6 3.c4 Nbd7 4.Nc3 e5 5.e4 Be7 6.Be2 O-O 7.O-O Re8
8.Qc2 Bf8 9.Rd1 g6 10.b3 exd4 11.Nxd4 Nc5 12.f3 Bg7 13.Bg5 a5 14.Ndb5 Bd7
15.Rab1 Qc8 16.a3 Ne6 17.Bh4 Nf4 18.Bf1 N6h5 19.Nd5 Bxb5 20.cxb5 Nxd5
21.Rxd5 b6 22.Bf2 Nf4 23.Rd2 Bh6 24.Bc4 Qd8 25.Rdd1 Qg5 26.Bd4 Bg7
27.Bxg7 Kxg7 28.Bd5 Rad8 29.g3 Re5 30.Bc6 Ne6 31.Qf2 Rc5 32.f4 Qf6
33.Rd3 Rf8 34.b4 axb4 35.axb4 Rc4 36.Bd5 Rd4 37.Ra3 Re8 38.Qe3 Nf8
39.Qc3 Re7 40.Rc1 h5 41.Kg2 Ne6 42.Ra2 Kh7 43.Rf2 Kg7 44.f5 Rxd5 45.Qxf6+ 1-0

[Event "?"]
[Site "Berliner Sommer"]
[Date "1995.??.??"]
[Round "?"]
[White "Lelchuk, Zoja"]
[Black "Kuporosov, Viktor"]
[Result "1/2-1/2"]
[WhiteElo "2335"]
[BlackElo "2495"]

1.Nf3 Nf6 2.c4 c6 3.Nc3 d5 4.e3 g6 5.d4 Bg7 6.Bd3 O-O 7.O-O Bg4 8.h3 Bxf3
9.Qxf3 e6 10.Rd1 Nbd7 11.b3 Re8 12.Bf1 Qe7 13.Bb2 Rad8 14.Rac1 Nb6
15.Qe2 Nc8 16.Qe1 Nd6 17.Na4 Nfe4 18.Ba3 Bh6 19.Nc5 Nxc5 20.Bxc5 Qd7
21.a4 a6 22.b4 Ne4 23.Bb6 Rc8 24.b5 axb5 25.cxb5 Nd6 26.bxc6 Rxc6
27.Bc5 Rec8 28.a5 Bf8 29.Qb4 Qc7 30.Qa4 Nc4 31.Bxc4 dxc4 32.Rxc4 Bxc5
33.dxc5 Rxc5 34.Rxc5 1/2-1/2